Najludniejsze dzisiejsze państwa w 1000 roku - Statystyki

Ogólne statystyki
  • Ten quiz został rozwiązany 13 544 razy
  • Średni wynik to 11 z 17
Statystyki odpowiedzi
Ludność Kraj % Poprawnych
58 mln Chiny
95%
5 mln Francja
89%
3 mln Niemcy
89%
73 mln Indie
88%
4 mln Włochy
86%
4 mln Hiszpania
82%
4 mln Egipt
77%
6 mln Japonia
74%
7 mln Turcja
74%
4 mln Iran
61%
6 mln Meksyk
51%
5 mln Indonezja
47%
4 mln Pakistan
44%
9 mln Bangladesz
34%
4 mln Nigeria
32%
3 mln Peru
28%
3 mln Sudan
22%
Nie znaleziono quizów pasujących do podanych kryteriów
Rozkład punktacji
Procent ludzi z każdym wynikiem
Percentyl według liczby udzielonych odpowiedzi
Twoja historia wyników
Nie rozwiązałeś tego quizu